Normal view MARC view

Entry Personal Name

Number of records used in: 1

001 - CONTROL NUMBER

  • control field: 1123255

003 - CONTROL NUMBER IDENTIFIER

  • control field: OSt

005 - DATE AND TIME OF LATEST TRANSACTION

  • control field: 20260302115958.0

008 - FIXED-LENGTH DATA ELEMENTS

  • fixed length control field: 260302|| aca||aabn | a|a d

040 ## - CATALOGING SOURCE

  • Original cataloging agency: OSt
  • Transcribing agency: OSt

100 ## - HEADING--PERSONAL NAME

  • Personal name: Jennifer Biedendorf

670 ## - SOURCE DATA FOUND

  • Source citation: Work cat.: (OSt)1688135: Jennifer Biedendorf, Cosmopolitanism and the Development of the International Criminal Court Non-Governmental Organizations’ Advocacy and Transnational Human Rights
Copyright @ Delhi University Library System